000 00872cam7a220025300 4500
001 lce01734004
008 840808s1985 enka 001 0 eng
010 _a 84019360
020 _cL.2.95
035 _a(Sirsi) r122473
035 _a(DLC) 84019360
035 _a(UPRA)lce01734004
050 0 _aPL8011
_b.H4 1985
082 0 _a808.81/0096
_219
245 0 4 _aThe Heritage of African poetry :
_ban anthology of oral and written poetry /
_cedited with an introduction and notes by Isidore Okpewho.
260 _aBurnt Mill, Essex, England :
_bLongman,
_c1985.
500 _aIncludes index.
504 _aIncludes bibliographical references.
650 0 _aAfrican poetry.
_6S398.1
700 1 _aOkpewho, Isidore.
_6A2073.1
949 _aPL8011
_wlcc
_i-176216
_mMAIN
_tBOOK
_lON-SHELF
949 _aPL8011
_wlcc
_i33729000483425
_mMAIN
_tBOOK
_lON-SHELF
004 122473
999 _c71356
_d71356